Tous les pays européens qui ne reconnaissent pas le Kosovo - Statistiques

Statistiques générales
  • Ce quiz a été pris 601 fois
    559 depuis la dernière actualisation
  • Le résultat moyen est 4 sur 7
Statistiques - réponses
Pays % Correct
Serbie
89%
Russie
82%
Grèce
59%
Espagne
52%
Roumanie
45%
Slovaquie
35%
Chypre
17%
Aucun quiz correspondant
Distribution des résultats
% des personnes avec chaque résultat
Percentile par nombre de réponses
Votre historique - résultats
Vous n’avez pas pris ce quiz depuis la dernière actualisation